Tabagisme, dépendance à la nicotine et schizophrénie (notice n° 1912239)

détails MARC
000 -LEADER
fixed length control field 03526cam a2200325 4500500
005 - DATE AND TIME OF LATEST TRANSACTION
control field 20260329021408.0
041 ## - LANGUAGE CODE
Language code of text/sound track or separate title fre
042 ## - AUTHENTICATION CODE
Authentication code dc
100 10 - MAIN ENTRY--PERSONAL NAME
Personal name Ellouze, Faten
Relator term author
245 00 - TITLE STATEMENT
Title Tabagisme, dépendance à la nicotine et schizophrénie
260 ## - PUBLICATION, DISTRIBUTION, ETC.
Date of publication, distribution, etc. 2016.<br/>
500 ## - GENERAL NOTE
General note 27
520 ## - SUMMARY, ETC.
Summary, etc. Introduction : le tabagisme est très fréquent chez les patients souffrant de schizophrénie, il constitue un problème de santé publique impartant. Dans ce travail, On s’est proposé de relever la prévalence du tabagisme dans une population de patients schizophrènes et de mesurer leur dépendance à la Nicotine selon le test de Fagerseröm. Matériels : nous avons réalisé une étude transversale qui a concerné 100 patienes souffrane de schizophrénie. Les patienes inclus ont répondu à un questionnaire comportant 3 parties : des données sociodémographiques, des données cliniques et thérapeutique:, ainsi que des données concernant un éventuel tabagisme. Nous avons complété l’exploration parmi les sujets tabagiques par le test de Fagerseröm de la dépendance nicotinique Résultats : Notre population se composait majoritairement d’hommes, célibataires, de bas niveau scolaire et socio-économique, sans profession. 72% étaient fumeurs. La moyenne d’âge d’initiation au tabagisme était de 15,2 +/-8, 1 ans. La consommation quotidienne moyenne en cigarettes était de 29,3+/-14,6 cigarettes par jour. 26 de nos patients ont réalisé auparavant des tentatives de sevrage. La passation du test de Fagerseröm a montré que les patients tabagiques étaient en moyenne fortement dépendants avec un score moyen calculé à 7,1 ± 4,3. Une fotte dépendance à la Nicotine (FTND  ≥ 6) a été observée chez 23 patients. Conclusion : L’arrêt du tabac pose des difficuleés majeurex pour les patients souffrane de schizophrénie, des mesures d’aide spécifiques et des programmes d’aide au sevrage adaptés devraient être mis en place afin d’assurer la prise en charge de ces conduites.
520 ## - SUMMARY, ETC.
Summary, etc. Introduction : smoking was frequent among schizophrenic patients. The aim of our seudy was eo seek for the smoking prevalence in a sample of patients with schizophrenia. Our second objective was to evaluate the Nicotine’s dependence using the Fagerseröm test Methods : it was a transversal study including 100 schizophrenic patients. Patients were asked about social, clinical and therapeutic dara. For Nicotine dependence, patients were evaluated using the Fagerström test. Results : 72% of our sample was smokers. The mean age of becoming smoker was 15.2+/-8, 1 years. 13 patients have tried to stop tobacco. The mean dependence score was 7, 1 ± 4, 3. A great Nicotine dependence (FTND ≥ 6) was observed among 23 patients. Conclusion : stopping tobacco was difficult for schizophrenic patients. Program aiming eo help them was needed
690 ## - LOCAL SUBJECT ADDED ENTRY--TOPICAL TERM (OCLC, RLIN)
Topical term or geographic name as entry element nicotine
690 ## - LOCAL SUBJECT ADDED ENTRY--TOPICAL TERM (OCLC, RLIN)
Topical term or geographic name as entry element schizophrénie
690 ## - LOCAL SUBJECT ADDED ENTRY--TOPICAL TERM (OCLC, RLIN)
Topical term or geographic name as entry element tabagisme
690 ## - LOCAL SUBJECT ADDED ENTRY--TOPICAL TERM (OCLC, RLIN)
Topical term or geographic name as entry element test de Fagerström
690 ## - LOCAL SUBJECT ADDED ENTRY--TOPICAL TERM (OCLC, RLIN)
Topical term or geographic name as entry element Fagerström test
690 ## - LOCAL SUBJECT ADDED ENTRY--TOPICAL TERM (OCLC, RLIN)
Topical term or geographic name as entry element nicotine
690 ## - LOCAL SUBJECT ADDED ENTRY--TOPICAL TERM (OCLC, RLIN)
Topical term or geographic name as entry element schizophrenia
690 ## - LOCAL SUBJECT ADDED ENTRY--TOPICAL TERM (OCLC, RLIN)
Topical term or geographic name as entry element Smoking
700 10 - ADDED ENTRY--PERSONAL NAME
Personal name Robbana, Leila
Relator term author
700 10 - ADDED ENTRY--PERSONAL NAME
Personal name El Karou, M
Relator term author
700 10 - ADDED ENTRY--PERSONAL NAME
Personal name Ben Salah, Kafa
Relator term author
700 10 - ADDED ENTRY--PERSONAL NAME
Personal name Aouina, H
Relator term author
700 10 - ADDED ENTRY--PERSONAL NAME
Personal name Fadel M’rad, Mohamed
Relator term author
786 0# - DATA SOURCE ENTRY
Note Psy Cause | 72 | 2 | 2016-01-24 | p. 59-63 | 1245-2394
856 41 - ELECTRONIC LOCATION AND ACCESS
Uniform Resource Identifier <a href="https://shs.cairn.info/revue-psy-cause-2016-2-page-59?lang=fr&redirect-ssocas=7080">https://shs.cairn.info/revue-psy-cause-2016-2-page-59?lang=fr&redirect-ssocas=7080</a>

Pas d'exemplaire disponible.

PLUDOC

PLUDOC est la plateforme unique et centralisée de gestion des bibliothèques physiques et numériques de Guinée administré par le CEDUST. Elle est la plus grande base de données de ressources documentaires pour les Étudiants, Enseignants chercheurs et Chercheurs de Guinée.

Adresse

627 919 101/664 919 101

25 boulevard du commerce
Kaloum, Conakry, Guinée

Réseaux sociaux

Powered by Netsen Group @ 2025